000 00690nmm a2200229 a 4500
003 AR-BaBNM
005 20251128210435.0
008 120020s1996 ||||||||||||||000 | spa||
020 _a950-771-025-6
040 _cAR-BaBNM
245 1 0 _aEscuela creativa
_bel cuerpo humano, una maquinaria perfecta : libro guía para el análisis y la investigación
260 _aBuenos Aires
_bClasa
_c1996
300 0 _a63 p.
_bil., tablas
650 4 _aCUERPO HUMANO
650 4 _aACTIVIDADES DE APRENDIZAJE
650 4 _aMETODOS DE ENSENANZA
653 0 _aENSENANZA DE LAS CIENCIAS NATURALES
653 0 _aEDUCACION PARA LA SALUD
653 0 _aAULA-TALLER
942 _cBK
998 _cRAQUEL
999 _c15493
_d15493